| 000 | 00620nam a2200229Ia 4500 | ||
|---|---|---|---|
| 003 | OSt | ||
| 005 | 20170518104258.0 | ||
| 008 | 151021s9999 xx 000 0 und d | ||
| 020 | _a534493181 | ||
| 040 | _cMMU | ||
| 050 | _aQC21.3 .S46 2006 | ||
| 100 | _aRaymond A. Serway | ||
| 245 |
_aCollege Physics : _bfor scientist and engineers / _cRaymond A.Serway |
||
| 250 | _a4th ed. | ||
| 260 |
_aCanada : _bBrooks /cole _c1995. |
||
| 300 | _axxxii,1008p.;ill | ||
| 500 | _aIncludes index. | ||
| 500 | _aIncludes index. | ||
| 650 | _aPhysics | ||
| 942 |
_2lcc _cLOAN LOAN |
||
| 980 | _a^d20150423 04:42:06^oanne | ||
| 999 |
_c26765 _d26765 |
||